Thermodynamics : An engineering approach

A self instructive text for thermodynamics. This is the second edition of the title which can be supplemented by a solutions manual, OHT's and an IBM disk

Sparad:
Bibliografiska uppgifter
Huvudupphovsman: Cengel, Yunus A.
Materialtyp: Bok
Språk:Undetermined
Publicerad: Boston McGraw-Hill 2002
Ämnen:
Taggar: Lägg till en tagg
Inga taggar, Lägg till första taggen!
Thư viện lưu trữ: Trung tâm Học liệu Trường Đại học Cần Thơ
LEADER 00718nam a2200205Ia 4500
001 CTU_237748
008 210402s9999 xx 000 0 und d
082 |a 621.4021 
082 |b C395 
100 |a Cengel, Yunus A. 
245 0 |a Thermodynamics : 
245 3 |b An engineering approach 
245 0 |c Yunus A. Cengel, Michael A. Boles. 
260 |a Boston 
260 |b McGraw-Hill 
260 |c 2002 
520 |a A self instructive text for thermodynamics. This is the second edition of the title which can be supplemented by a solutions manual, OHT's and an IBM disk 
650 |a Thermodynamics,Nhiệt động lực học 
904 |i Hải 
980 |a Trung tâm Học liệu Trường Đại học Cần Thơ